01393nam a2200337 ia4500003000400000005001700004008004100021020003800062040002500100082001600125090002000141100003400161245005700195246001400252250002900266264004500295264001100340300005800351336002100409337002500430338002300455490002200478520034200500521001200842650004100854650005800895650005000953830002201003942001101025999001901036OSt20260409111726.0260407s2025 nyu jrb 000 0 eng d a9780241743515cRM 98.90qhardback aPPAKbengcPPAKerda04223a155.23200a155.232bFARdK1 aFarbstein, Brandon,eauthor. 10aa kids book about SELF-LOVE /cby Brandon Farbstein.30aSelf-love aFirst American edition.  1aNew York, NY : bDK Publishing, c[2025] 4c©2025 a1 volume (unpaged) : bcolour illustrations ; c26 cm atext2rdacontent aunmediated2rdamedia avolume2rdacarrier1 aa kids book about aWhat do you see when you look in the mirror? Often we notice the things that make us feel different or we don't like. But self-love can help us see what makes us uniquely awesome! This book teaches kids how to choose their thoughts, manage their perspectives, and feel comfortable and happy with themselves, even when hard things happen.1 aAges 5+10aSelf-acceptancevJuvenile literature20aSelf-actualization (Psychology) vJuvenile literature20aSelf-esteem in children vJuvenile literature 0aa kids book about 2ddccB c203723d203723